000 00734nam a2200241Ia 4500
003 OSt
005 20220918174338.0
006 a|||||r|||| 00| 0
007 ta
008 220917b |||||||| |||| 00| 0 eng d
024 _a11,706
037 _cTextual
040 _aARTS
_cARTS
_beng
041 _2eng
_aeng
082 _a/\.498.N6, K0
100 _aGovinda Anagarika
_950075
245 0 _aFoundations of Tibetan mysticism
_b According to the Esoteric teachings of great mantra Om Mani Padme Hum
260 _aLondon
_bRider
_c1960
500 _aAppendix 281-292p; Bibliography 293-297p
650 _aSPIRITUALISM
942 _h/\.498.N6, K0
_cTEXL
_2CC
999 _c152793
_d152793